Сборник задач и деловых игр по организации и управлению предприятиями электронной промышленности: учебное пособие для вузов

Bibliographic Details
Other Authors: Моисеева Н. К. Нина Константиновна (редактор)
Summary:Авт. указаны на обороте тит. л.
Language:Russian
Published: Москва, Высшая школа, 1985
Subjects:
Format: MixedMaterials Book
KOHA link:https://koha.lib.tpu.ru/cgi-bin/koha/opac-detail.pl?biblionumber=275690

MARC

LEADER 00000nam0a2200000 4500
001 275690
005 20231101234841.0
020 |a RU  |b 86-1266 
035 |a (RuTPU)RU\TPU\book\298940 
090 |a 275690 
100 |a 20141117d1985 m y0rusy5003 ca 
101 0 |a rus 
102 |a RU 
105 |a a j 000zy 
200 1 |a Сборник задач и деловых игр по организации и управлению предприятиями электронной промышленности  |e учебное пособие для вузов  |f под ред. Н. К. Моисеевой 
210 |a Москва  |c Высшая школа  |d 1985 
215 |a 208 с.  |c ил. 
300 |a Авт. указаны на обороте тит. л. 
606 1 |a Электронная промышленность  |2 stltpush  |3 (RuTPU)RU\TPU\subj\20362  |9 45471 
610 1 |a предприятия 
610 0 |a Деловые игры 
610 1 |a управление 
610 1 |a деловые игры 
610 1 |a задачи 
610 1 |a учебные пособия 
610 1 |a новая техника 
610 1 |a цикл 
610 1 |a изделия 
610 1 |a вспомогательное хозяйство 
675 |a 621.38.002(076)  |z rus  |v 3 
702 1 |a Моисеева  |b Н. К.  |g Нина Константиновна  |4 340 
801 0 |a RU  |b RuMRKP  |c 19950704  |g psbo 
801 1 |a RU  |b 63413507  |c 20141117 
801 2 |a RU  |b 63413507  |c 20170330  |g RCR 
942 |c BK